[Event "12th Open"]
[Site "Zadar CRO"]
[Date "2005.12.13"]
[Round "2"]
[White "Kutuzovic,B"]
[Black "Fercec,N"]
[Result "1/2-1/2"]
[WhiteElo "2327"]
[BlackElo "2512"]

1.e4 c5 2.Nf3 d6 3.d4 cxd4 4.Nxd4 Nf6 5.Nc3 a6 6.Be3 e5 7.Nb3 Be6 8.f3 Be7
9.Qd2 O-O 10.O-O-O Nbd7 11.g4 b5 12.g5 b4 13.Ne2 Ne8 14.f4 a5 15.f5 a4 16.fxe6 axb3
17.exf7+ Rxf7 18.cxb3 Rxa2 19.Ng3 Rxf1 20.Rhxf1 Ra1+ 21.Kc2 Qc8+ 22.Kd3 Qa6+
23.Kc2 Qc8+  1/2-1/2

[Event "12th Open"]
[Site "Zadar CRO"]
[Date "2005.12.14"]
[Round "4"]
[White "Sakelsek,T"]
[Black "Petkov,V"]
[Result "0-1"]
[WhiteElo "2404"]
[BlackElo "2529"]

1.e4 c5 2.Nf3 d6 3.d4 cxd4 4.Nxd4 Nf6 5.Nc3 a6 6.Be3 e6 7.f3 b5 8.Qd2 Nbd7
9.g4 h6 10.O-O-O b4 11.Na4 Ne5 12.b3 Bd7 13.Nb2 Qa5 14.a4 Rc8 15.h3 d5 16.exd5 Nxd5
17.f4 Rc3 18.Re1 Nxe3 19.Rxe3 Rxe3 20.Qxe3 Nc6 21.Nf3 Qc7 22.Nc4 Be7 23.Bd3 Bf6
24.Kb1 Ne7 25.Nfe5 Nd5 26.Qg3 Bc6 27.Re1 g5 28.f5 O-O 29.fxe6 fxe6 30.Qg1 Ba8
31.Kc1 Rd8 32.Qf1 Nf4 33.Kb1 Kg7 34.h4 Qc5 35.hxg5 hxg5 36.Qg1 Qxg1 37.Rxg1 Rd4
38.Kc1 Rxd3  0-1

[Event "12th Open"]
[Site "Zadar CRO"]
[Date "2005.12.16"]
[Round "7"]
[White "Sakelsek,T"]
[Black "Stevic,H"]
[Result "1/2-1/2"]
[WhiteElo "2404"]
[BlackElo "2514"]

1.e4 c5 2.Nf3 d6 3.d4 cxd4 4.Nxd4 Nf6 5.Nc3 a6 6.Be3 Nc6 7.f3 e6 8.Qd2 Be7
9.O-O-O O-O 10.g4 Nxd4 11.Qxd4 Nd7 12.h4 b5 13.g5 Qa5 14.Kb1 Ne5 15.f4 Ng4
16.Bh3 Nxe3 17.Qxe3 b4 18.Ne2 Qc5 19.Qd2 Bb7 20.Bg2 a5 21.h5 a4 22.Nd4 a3
23.b3 Rfe8 24.Ne2 Rac8 25.Nc1 Ba6 26.Bf1 Bb7 27.Bg2 Ba6 28.Bf1 Bxf1 29.Rhxf1 d5
30.e5 Rc7 31.Nd3 Qd4 32.Qf2 Qe4 33.Rde1 Qf5 34.Re2 Rec8 35.Rd1 Qg4 36.Rh1 Bc5
37.Qg2 Qf5 38.h6 g6 39.Qh3 Qxh3 40.Rxh3  1/2-1/2

[Event "TCh-NED 2005-6"]
[Site "Netherlands NED"]
[Date "2005.12.17"]
[Round "5"]
[White "Landa,K"]
[Black "Smeets,J"]
[Result "0-1"]
[WhiteElo "2600"]
[BlackElo "2531"]

1.e4 c5 2.Nc3 d6 3.Nf3 Nf6 4.d4 cxd4 5.Nxd4 a6 6.Be3 e5 7.Nf3 Be7 8.Bc4 Be6
9.Bb3 h6 10.O-O O-O 11.Nh4 Kh7 12.Qf3 Nc6 13.Nf5 Na5 14.Rad1 Nxb3 15.axb3 Qd7
16.Na4 Bxf5 17.exf5 Qc6 18.Nb6 Qxf3 19.gxf3 Rad8 20.Rd2 g6 21.Rfd1 gxf5 22.Nc4 Kg6
23.Nxd6 f4 24.Bc5 Rd7 25.b4 Bxd6 26.Rxd6 Rfd8 27.Kf1 Kf5 28.Ke2 Rxd6 29.Rxd6 Rxd6
30.Bxd6 Ke6 31.Bb8 Nd7 32.Bc7 Kd5 33.Kd3 f5 34.c4+ Kc6 35.Bd8 Nf8 36.Bf6 Kd6
37.Bg7 Ne6 38.Bxh6 Nd4 39.Bxf4 Nxf3 40.Bh6 Nxh2 41.Ke2 Ng4 42.Bf8+ Ke6 43.f3 Nf6
44.Bc5 Nh7 45.Bb6 f4 46.Bd8 Nf8 47.Bb6 Kf5 48.Kd3 Ne6 49.Ke2 e4 50.b5 axb5
51.fxe4+ Kxe4 52.cxb5 f3+ 53.Kf2 Nf4 54.Kg3 Nd3 55.b3 Nc1 56.Kg4 Nxb3 57.Bf2 Nd4
58.b6 Ne6 59.Bh4 Nc5  0-1

[Event "5th Amplico AIG Life"]
[Site "Warsaw POL"]
[Date "2005.12.17"]
[Round "3"]
[White "Socko,B"]
[Black "Ejsmont,K"]
[Result "1-0"]
[WhiteElo "2610"]
[BlackElo "2395"]

1.e4 c5 2.Nf3 d6 3.d4 cxd4 4.Nxd4 Nf6 5.Nc3 a6 6.Be3 e6 7.f3 b5 8.Qd2 Nbd7
9.g4 h6 10.h4 Bb7 11.Rg1 b4 12.Na4 Nc5 13.Nxc5 dxc5 14.Nb3 Qc7 15.Bc4 Nd7
16.Qe2 Be7 17.O-O-O a5 18.g5 a4 19.Nd2 a3 20.Kb1 Qe5 21.bxa3 bxa3 22.c3 Qxc3
23.Nb3 Ne5 24.Bb5+ Kf8 25.gxh6 g6 26.Rd2 Qb4 27.Rc2 Nxf3 28.Qxf3 Bxe4 29.Qe2 Bxc2+
30.Kxc2 Qe4+ 31.Bd3 Qe5 32.Bc1 Qxe2+ 33.Bxe2 Kg8 34.Bc4 Kh7 35.Nd2 Rhf8 36.Rf1 Rab8
37.Ne4 Bf6 38.Be3 Kg8 39.Rxf6 Ra8 40.Bf4 Ra7 41.Be5 Rb7 42.h7+ Kxh7 43.Rf1  1-0

[Event "5th Amplico AIG Life"]
[Site "Warsaw POL"]
[Date "2005.12.17"]
[Round "5"]
[White "Balogh,C"]
[Black "Nedilko,V"]
[Result "1-0"]
[WhiteElo "2567"]
[BlackElo "2352"]

1.e4 c5 2.Nf3 d6 3.d4 cxd4 4.Nxd4 Nf6 5.Nc3 a6 6.Be3 e5 7.Nf3 Be7 8.Bc4 O-O
9.O-O Be6 10.Qe2 b5 11.Bb3 h6 12.Nh4 Nbd7 13.a3 Kh7 14.Qf3 Nc5 15.Ba2 Rc8
16.Nf5 Qd7 17.Rfd1 Bxf5 18.exf5 Na4 19.Nxa4 bxa4 20.c3 e4 21.Qf4 d5 22.Bd4 Bd6
23.Qh4 Be7 24.Qh3 Qb7 25.Rd2 Rfd8 26.Rad1 Rd6 27.Qg3 Rcd8 28.Be5 R6d7 29.h3 Qb5
30.Qf4 Nh5 31.Qg4 Nf6 32.Qg3 Nh5 33.Qg4 Nf6 34.Qe2 Qc6 35.g4 Kg8 36.Qe3 Nh7
37.Qg3 Ng5 38.Kg2 Nf3 39.Re2 Bh4 40.Qf4 Bg5 41.Qg3 Bh4 42.Qf4 Bg5 43.Qg3 Qb5
44.Rxe4 Nh4+ 45.Kh2 Qb7 46.Bc4 Qb3 47.Bd4 Qc2 48.Be2 Kh7 49.Re8 Bf4 50.Qxf4  1-0

[Event "5th Amplico AIG Life"]
[Site "Warsaw POL"]
[Date "2005.12.17"]
[Round "7"]
[White "Zezulkin,J"]
[Black "Ejsmont,K"]
[Result "1-0"]
[WhiteElo "2494"]
[BlackElo "2395"]

1.e4 c5 2.Nc3 d6 3.Nf3 Nf6 4.d4 cxd4 5.Nxd4 a6 6.Be3 e6 7.Qd2 b5 8.f3 Nbd7
9.g4 h6 10.O-O-O Bb7 11.h4 b4 12.Na4 Qa5 13.b3 Nc5 14.a3 Rc8 15.Qxb4 Qc7
16.Kb1 d5 17.Nxc5 Bxc5 18.Qa4+ Nd7 19.b4 Be7 20.exd5 Bxd5 21.Bxa6 O-O 22.Bxc8 Rxc8
23.Nf5 Bf6 24.Rxd5 exd5 25.g5 Be5 26.Ne7+ Kh7 27.Nxd5 Qc4 28.Qb3 Qc6 29.Qd3+ g6
30.h5 Bg7 31.Ne7 Qxf3 32.hxg6+  1-0

[Event "Sekkat mem"]
[Site "Casablanca MAR"]
[Date "2005.12.18"]
[Round "1"]
[White "Korneev,O"]
[Black "Idrissi,C"]
[Result "1-0"]
[WhiteElo "2601"]
[BlackElo "2215"]

1.e4 c5 2.Nf3 d6 3.d4 cxd4 4.Nxd4 Nf6 5.Nc3 a6 6.Be3 e5 7.Nb3 Be7 8.f3 Be6
9.Qd2 O-O 10.O-O-O Qc7 11.g4 Rc8 12.Qf2 Nbd7 13.Kb1 b5 14.g5 Nh5 15.h4 b4
16.Nd5 Bxd5 17.Rxd5 a5 18.Bh3 a4 19.Nc1 a3 20.b3 Nf4 21.Bxf4 exf4 22.Nd3 Rcb8
23.Bxd7 Qxd7 24.Ne5 Qc8 25.Nc4 Ra6 26.Rhd1 g6 27.h5 Qh3 28.h6 Bf8 29.e5 dxe5
30.Nxe5 Rd6 31.Rxd6 Bxd6 32.Qa7 Rf8 33.Qd4 Bxe5 34.Qxe5 f6 35.Qe7  1-0

[Event "5th Amplico AIG Life"]
[Site "Warsaw POL"]
[Date "2005.12.18"]
[Round "9"]
[White "Brendel,O"]
[Black "Kempinski,R"]
[Result "0-1"]
[WhiteElo "2352"]
[BlackElo "2619"]

1.e4 c5 2.Nf3 d6 3.d4 cxd4 4.Nxd4 Nf6 5.Nc3 a6 6.Be3 e5 7.Nf3 Be7 8.Bc4 O-O
9.O-O Qc7 10.Bb3 b5 11.Bg5 Nbd7 12.Nd5 Qd8 13.Bxf6 Nxf6 14.Nxf6+ Bxf6 15.a4 bxa4
16.Rxa4 Be7 17.Bd5 Rb8 18.b3 Kh8 19.Nd2 Bd7 20.Ra2 f5 21.exf5 Rxf5 22.Ne4 Rf4
23.Re1 Qb6 24.Qd3 a5 25.g3 Rff8 26.Qe3 Qc7 27.Bc4 Bc6 28.Rd1 h6 29.Bd5 a4
30.Bxc6 Qxc6 31.Rxa4 d5 32.Nd2 Bc5 33.Qxe5 Rbe8 34.Qh5 Bxf2+ 35.Kg2 d4+ 36.Kh3 Qxc2
37.Ra7 Be3 38.Qg4 Rg8 39.Nc4 Qxb3 40.Nd6 Ref8 41.Rda1 Qd5 42.R1a6 d3 43.Re7 d2
44.Ra1 Qxd6 45.Rxe3 Rd8 46.Rd1 Rge8 47.Rxe8+ Rxe8 48.Qf4 Qxf4 49.gxf4 Rd8
50.Kg4 Kh7 51.Kf5 h5 52.Ke6 h4 53.Kf5 Rd3 54.Kg4 Kg6 55.Kxh4 Kf5 56.h3 Rd8  0-1

[Event "5th Amplico AIG Life"]
[Site "Warsaw POL"]
[Date "2005.12.18"]
[Round "13"]
[White "Dworakowska,J"]
[Black "Jakubowski,K"]
[Result "1-0"]
[WhiteElo "2377"]
[BlackElo "2483"]

1.e4 c5 2.Nf3 d6 3.d4 cxd4 4.Nxd4 Nf6 5.Nc3 a6 6.Be3 e5 7.Nf3 Nbd7 8.Bc4 b5
9.Bd5 Rb8 10.Ba7 Nxd5 11.Nxd5 Rb7 12.Be3 Be7 13.Qd3 Nf6 14.Nxe7 Kxe7 15.O-O-O Be6
16.Nxe5 Qc7 17.Nf3 Rc8 18.Nd4 Qc4 19.Qxc4 Rxc4 20.f3 Nd7 21.Kb1 Rc8 22.Rhe1 a5
23.f4 b4 24.Bf2 f6 25.Nf5+ Bxf5 26.exf5+ Kf7 27.Rxd6 Nf8 28.Ra6 Rb5 29.Ra7+ Kg8
30.g4 Rd8 31.Be3 g6 32.fxg6 Nxg6 33.Bc1 f5 34.g5 Rbd5 35.b3 Rd1 36.Rxd1 Rxd1
37.Kb2 Rd5 38.a3 bxa3+ 39.Kxa3 Rd1 40.Bb2 Nxf4 41.Rg7+ Kf8 42.Rxh7 Rg1 43.h4 Ne6
44.Bf6 f4 45.Re7 f3 46.Rxe6 f2 47.Be7+ Kg7 48.Bf8+ Kg8 49.Rg6+ Kh7 50.Rf6 Ra1+
51.Kb2 f1=Q 52.g6+ Kg8 53.Rxf1 Rxf1 54.Be7 Kg7 55.Bd8 Rf5 56.Ka3 Rd5 57.Bb6 Rb5
58.Be3 Kxg6 59.Ka4 Re5 60.Bd4 Re2 61.c3 Ra2+ 62.Kb5 Rb2 63.Kc4 Rh2 64.Bb6 Rxh4+
65.Kb5 Kf5 66.Bxa5 Ke6 67.c4 Kd7 68.Kb6 Kc8 69.c5 Rh1 70.b4 Rh3 71.b5 Ra3
72.Bd2 Ra2 73.Bf4 Rf2 74.Bd6 Rf1 75.Kc6 Rb1 76.Be5 Re1 77.Bf4 Rf1 78.Bd6 Rb1
79.Kb6 Rd1 80.Be5 Re1 81.Bc3 Re3 82.Ba5 Rh3 83.Ka7 Ra3 84.Ka6 Rh3 85.b6 Rh6
86.Ka7 Rh7+ 87.Ka8 Rb7 88.Bc3 Rb8+ 89.Ka7 Rb7+ 90.Ka6 Rh7 91.Be5 Rh6 92.Bd6 Kd7  1-0

[Event "4th TCh-Asia w"]
[Site "Esfahan IRI"]
[Date "2005.12.22"]
[Round "2"]
[White "Swathi,G"]
[Black "Ghader Pour,S"]
[Result "1-0"]
[WhiteElo "2248"]
[BlackElo "2139"]

1.e4 c5 2.Nf3 d6 3.d4 cxd4 4.Nxd4 Nf6 5.Nc3 a6 6.Be3 e5 7.Nb3 Be6 8.f3 Nbd7
9.Qd2 b5 10.O-O-O Nb6 11.Qf2 Nc4 12.Bxc4 bxc4 13.Nc5 Be7 14.N5a4 Rb8 15.Ba7 Rc8
16.Nb6 Rc6 17.Nbd5 Bxd5 18.Nxd5 Nxd5 19.Rxd5 O-O 20.c3 a5 21.Rhd1 Qc7 22.a4 Ra6
23.Be3 Rb8 24.Rb5 Rxb5 25.axb5 Ra8 26.Qd2 Rb8 27.Qd5 Qd7 28.Qxc4 Rxb5 29.Rd5 Rxd5
30.Qxd5 a4 31.Qa8+ Bf8 32.c4 h6 33.Kb1 f5 34.Qd5+ Kh8 35.c5 Qb5 36.c6 Qb8
37.Qf7 a3 38.Qb7 a2+ 39.Kxa2 Qe8 40.c7 Qa4+ 41.Kb1 Qd1+ 42.Bc1  1-0

[Event "4th TCh-Asia w"]
[Site "Esfahan IRI"]
[Date "2005.12.26"]
[Round "6"]
[White "Hoang Thi Bao Tram"]
[Black "Ghader Pour,S"]
[Result "1-0"]
[WhiteElo "2306"]
[BlackElo "2139"]

1.e4 c5 2.Nf3 d6 3.d4 cxd4 4.Nxd4 Nf6 5.Nc3 a6 6.Be3 e5 7.Nb3 Be6 8.f3 Be7
9.g4 d5 10.g5 d4 11.gxf6 Bxf6 12.Nc5 Qc7 13.Nxe6 fxe6 14.Qd3 Bh4+ 15.Bf2 Bxf2+
16.Kxf2 dxc3 17.Qxc3 Qb6+ 18.Kg2 Nc6 19.Qb3 Qxb3 20.axb3 Rf8 21.Bb5 Rc8 22.Bxc6+ Rxc6
23.c3 Rf7 24.Rhd1 Rd7 25.Rxd7 Kxd7 26.Kf2 Rd6 27.Ke2 Ke7 28.Ra5 Rb6 29.b4 Kf6
30.Rc5 h6 31.Ra5 Rc6 32.Ke3 Rc7 33.Ke2 Rd7 34.b5 axb5 35.Rxb5 g5 36.Rc5 h5
37.h3 Rg7 38.Rb5 Rd7 39.c4 Rd4 40.b3 Rd7 41.Ke3 Rf7 42.Ra5 Rd7 43.Ra7 Ke7
44.c5 Kd8 45.Ra8+ Ke7 46.Rh8 Kf6 47.Rh6+ Kg7 48.Rxe6 Rd1 49.Rb6 Rd7 50.b4 Kf7
51.Rh6 Kg7 52.Re6 Kf7 53.Rxe5 Kf6 54.Rf5+ Kg6 55.Rd5 Re7 56.Rd6+ Kg7 57.b5 Rc7
58.c6 bxc6 59.bxc6 Rc8 60.Kd4 Kf7 61.Kc5 Ke7 62.Rd5 g4 63.fxg4 hxg4 64.hxg4 Ra8
65.c7 Ra1 66.Kc6  1-0

[Event "14th Donau Open"]
[Site "Aschach AUT"]
[Date "2005.12.27"]
[Round "3"]
[White "Priborsky,J"]
[Black "Kassel,W"]
[Result "1-0"]
[WhiteElo "2307"]
[BlackElo "1947"]

1.e4 c5 2.Nf3 d6 3.d4 cxd4 4.Nxd4 Nf6 5.Nc3 a6 6.Be3 e6 7.f3 Qc7 8.g4 Be7
9.Qd2 Nc6 10.O-O-O Ne5 11.g5 Nh5 12.Qe2 Ng6 13.Qf2 Ngf4 14.h4 O-O 15.Nde2 Nxe2+
16.Bxe2 g6 17.f4 f5 18.Bxh5 gxh5 19.Qe2 b5 20.Qxh5 b4 21.Ne2 e5 22.g6 Bf6
23.Rxd6 Qg7 24.gxh7+ Kh8 25.Rg1 Qe7 26.fxe5 Bxe5 27.Rdg6 Be6 28.Rg8+  1-0

[Event "Open A"]
[Site "Bethune FRA"]
[Date "2005.12.28"]
[Round "4"]
[White "Van der Weide,K"]
[Black "Shchekachev,A"]
[Result "0-1"]
[WhiteElo "2464"]
[BlackElo "2564"]

1.e4 c5 2.Nf3 d6 3.d4 cxd4 4.Nxd4 Nf6 5.Nc3 a6 6.Be3 Nc6 7.Be2 e6 8.Qd2 Be7
9.O-O-O O-O 10.f4 Nd7 11.g4 Nxd4 12.Bxd4 b5 13.a3 Bb7 14.g5 Rc8 15.Kb1 e5
16.Be3 exf4 17.Bxf4 Nc5 18.Bg4 Nxe4 19.Nxe4 Bxe4 20.Bxc8 Qxc8 21.Rhg1 Qf5
22.Ka1 d5 23.Rdf1 Qh3 24.Be5 Rc8 25.Qf4 Qe6 26.Rg3 b4 27.axb4 Bxb4 28.c3 Bf8
29.h4 Bg6  0-1

[Event "Harmonie Open A"]
[Site "Groningen NED"]
[Date "2005.12.28"]
[Round "5"]
[White "Hoeksema,E"]
[Black "Schiffer,KU"]
[Result "0-1"]
[WhiteElo "2401"]
[BlackElo "2316"]

1.e4 c5 2.Nf3 d6 3.d4 cxd4 4.Nxd4 Nf6 5.Nc3 a6 6.Be3 e6 7.f3 Be7 8.Qd2 O-O
9.O-O-O Nc6 10.g4 Nxd4 11.Bxd4 b5 12.g5 Nd7 13.h4 b4 14.Ne2 a5 15.Be3 Bb7
16.Nd4 d5 17.Bh3 Ne5 18.f4 Nc4 19.Qe1 Bc5 20.Bf2 Qb6 21.g6 dxe4 22.gxf7+ Kh8
23.Rh2 e3 24.Bxe3 Rad8 25.c3 bxc3 26.Qxc3 Nxe3  0-1

[Event "14th Donau Open"]
[Site "Aschach AUT"]
[Date "2005.12.31"]
[Round "7"]
[White "Butunoi,A"]
[Black "Tratar,M"]
[Result "1/2-1/2"]
[WhiteElo "2418"]
[BlackElo "2440"]

1.e4 c5 2.Nf3 d6 3.d4 cxd4 4.Nxd4 Nf6 5.Nc3 a6 6.Be3 Ng4 7.Bg5 h6 8.Bh4 g5
9.Bg3 Bg7 10.h3 Ne5 11.f3 Nbc6 12.Bf2 e6 13.Qd2 Nxd4 14.Bxd4 Bd7 15.O-O-O  1/2-1/2

[Event "10th Open"]
[Site "Bad Zwesten GER"]
[Date "2006.01.03"]
[Round "2"]
[White "Zoch,W"]
[Black "Koscielski,J"]
[Result "1/2-1/2"]
[WhiteElo "2063"]
[BlackElo "2339"]

1.e4 c5 2.Nf3 d6 3.d4 cxd4 4.Nxd4 Nf6 5.Nc3 a6 6.Be3 e5 7.Nf3 Qc7 8.a4 b6
9.Be2 Be7 10.O-O O-O 11.Nd2 Be6 12.f4 exf4 13.Bxf4 Nbd7 14.Nf3 Rfe8 15.Qd2 Ne5
16.Rad1 Bf8 17.Kh1 Nxf3 18.Bxf3 Rad8 19.Rfe1 Qb8 20.Be2 Qb7 21.Bf3 Qc8 22.Qf2 Qc4
23.Rd4 Qc5 24.Be3 Qc7 25.Rb4 Rb8 26.Bxb6 Qc8 27.a5 Nd7 28.Na4 Ne5 29.Rd4 Qc6
30.b3 Rec8 31.c4 Bxc4 32.bxc4 Qxa4 33.c5 Qc6 34.cxd6 Bxd6 35.Red1 Bf8 36.Be2 Qb7
37.Rd5 f6 38.Qf5 Re8 39.Qf1 Ra8 40.Qf5 Qc6 41.Qf1 Qb7 42.Qf5 Qc6 43.Qf1  1/2-1/2

[Event "8th Hilton Schachfestival"]
[Site "Basel SUI"]
[Date "2006.01.04"]
[Round "4"]
[White "Nuri,Kam"]
[Black "Goettin,G"]
[Result "1/2-1/2"]
[WhiteElo "2116"]
[BlackElo "2022"]

1.e4 c5 2.Nf3 d6 3.d4 cxd4 4.Nxd4 Nf6 5.Nc3 a6 6.Be3 e5 7.Nb3 Be6 8.Be2 Be7
9.O-O O-O 10.f4 exf4 11.Bxf4 Nc6 12.Bf3 Ne5 13.Nd4 Rc8 14.Kh1 Qc7 15.Qe1 Rfe8
16.Qg3 Kh8 17.Nf5 Bxf5 18.exf5 Nxf3 19.Qxf3 Qc6 20.Qh3 d5 21.Rad1 Bb4 22.Rd3 Bxc3
23.Rxc3 Qb5 24.Qd3 Qxb2 25.Be5 Rxc3 26.Bxc3 Qb6  1/2-1/2

[Event "12th Open A"]
[Site "Bosnjaci CRO"]
[Date "2006.01.04"]
[Round "2"]
[White "Saric,Iv"]
[Black "Babic,Dras"]
[Result "1-0"]
[WhiteElo "2339"]
[BlackElo "2316"]

1.e4 c5 2.Nf3 d6 3.d4 cxd4 4.Nxd4 Nf6 5.Nc3 a6 6.Be3 e6 7.f3 Nbd7 8.g4 h6
9.Qd2 Qc7 10.O-O-O b5 11.h4 b4 12.Na4 d5 13.Bh3 g5 14.hxg5 hxg5 15.Bxg5 dxe4
16.Kb1 Qa5 17.Bxf6 Rxh3 18.Rxh3 Qxa4 19.Rh8 Nxf6 20.Nf5 Nd7 21.Rxf8+ Kxf8
22.Qh6+ Ke8 23.Qh8+ Nf8 24.Qf6  1-0

[Event "12th Open A"]
[Site "Bosnjaci CRO"]
[Date "2006.01.06"]
[Round "5"]
[White "Sulc,D"]
[Black "Zivkovic,Vj"]
[Result "1/2-1/2"]
[WhiteElo "2316"]
[BlackElo "2414"]

1.e4 c5 2.Nf3 d6 3.d4 cxd4 4.Nxd4 Nf6 5.Nc3 a6 6.Be3 e5 7.Nb3 Be6 8.Qd2 Be7
9.f3 O-O 10.O-O-O Nbd7 11.g4 b5 12.g5 b4 13.Nd5 Nxd5 14.exd5 Bf5 15.h4 a5
16.Bd3 a4 17.Bxf5 axb3 18.Qxb4 bxc2 19.Kxc2 Rxa2 20.Ra1 Rxa1 21.Rxa1 Nc5
22.Ra7 g6  1/2-1/2

[Event "12th Open A"]
[Site "Bosnjaci CRO"]
[Date "2006.01.08"]
[Round "9"]
[White "Sulc,D"]
[Black "Predojevic,B"]
[Result "0-1"]
[WhiteElo "2316"]
[BlackElo "2558"]

1.e4 c5 2.Nf3 d6 3.d4 cxd4 4.Nxd4 Nf6 5.Nc3 a6 6.Be3 e5 7.Nb3 Be6 8.f3 Nbd7
9.Qd2 Be7 10.g4 b5 11.g5 b4 12.Ne2 Nh5 13.Ng3 Nf4 14.Bxf4 exf4 15.Qxf4 Ne5
16.Qe3 Bxg5 17.f4 Bh6 18.Be2 O-O 19.Qf2 Ng6 20.f5 Bxb3 21.axb3 Nf4 22.Nh5 Nxh5
23.Bxh5 Qf6 24.O-O Qg5+  0-1

[Event "Keres Mem A"]
[Site "Tallin EST"]
[Date "2006.01.10"]
[Round "5"]
[White "Rytshagov,M"]
[Black "Steingrimsson,H"]
[Result "1-0"]
[WhiteElo "2474"]
[BlackElo "2439"]

1.e4 c5 2.Nf3 d6 3.d4 cxd4 4.Nxd4 Nf6 5.Nc3 a6 6.Be3 e5 7.Nb3 Be6 8.Qd2 Nbd7
9.f3 b5 10.O-O-O Rc8 11.g4 Nb6 12.g5 Nfd7 13.Kb1 g6 14.h4 b4 15.Nd5 Nxd5
16.exd5 Bf5 17.Bd3 Bxd3 18.Qxd3 Bg7 19.Qxa6 Qc7 20.Rh2 h6 21.Qe2 h5 22.Qb5 Ke7
23.Qxb4 Ra8 24.Rd3 Rhb8 25.Rc3 Qd8 26.Qe4 Kf8 27.Rc6 Qe7 28.Rd2 Kg8 29.c4 Ra4
30.Rg2 Rba8 31.a3 Nb8 32.Rb6 Qc7 33.Rc2 Nd7 34.Rb5 Kh7 35.Nd2 Re8 36.Qd3 e4
37.fxe4 Ne5 38.Qb3 Raa8 39.c5 dxc5 40.Bxc5 Qd7 41.Bd4 Qg4 42.Bxe5 Rxe5 43.Ka2 Re7
44.d6 Rea7 45.Rb7 Qd1 46.Rxa7 Rxa7 47.Nc4 Rd7 48.e5 Qg4 49.Nb6 Rd8 50.Qxf7 Qd4
51.Nc4 Rf8 52.Rd2 Qg1 53.Qd5 Rf1 54.d7 Ra1+ 55.Kb3 Qb1 56.d8=Q Qa2+ 57.Ka4  1-0

[Event "Open A"]
[Site "Prague CZE"]
[Date "2006.01.13"]
[Round "1"]
[White "Madan,A"]
[Black "Smetak,V"]
[Result "1-0"]
[WhiteElo "2388"]
[BlackElo "2056"]

1.e4 c5 2.Nf3 d6 3.d4 cxd4 4.Nxd4 Nf6 5.Nc3 a6 6.Be3 e5 7.Nb3 Be6 8.f3 b5
9.Qd2 Qc7 10.g4 h6 11.O-O-O Nbd7 12.Kb1 Rc8 13.h4 Nb6 14.Bxb6 Qxb6 15.Nd5 Bxd5
16.exd5 Nd7 17.Na5 Be7 18.Bd3 g6 19.g5 Bf8 20.h5 gxh5 21.g6 fxg6 22.Nc6 Rg8
23.Qg2 g5 24.Qh3 Be7  1-0

[Event "Open"]
[Site "Zagreb CRO"]
[Date "2006.01.14"]
[Round "1"]
[White "Kinez,I"]
[Black "Palac,M"]
[Result "0-1"]
[WhiteElo "2091"]
[BlackElo "2571"]

1.e4 c5 2.Nf3 d6 3.d4 cxd4 4.Nxd4 Nf6 5.Nc3 a6 6.Be3 e6 7.f3 b5 8.a3 Bb7
9.g4 Nfd7 10.Qd2 Nb6 11.O-O-O N8d7 12.Rg1 Be7 13.g5 Rc8 14.Qf2 Rxc3 15.bxc3 d5
16.exd5 Nxd5 17.Bd2 Bxa3+ 18.Kb1 Qb6 19.Rg2 Qc7 20.Qe1 N7b6 21.Bd3 Nc4 22.Bc1 Qa5
23.Bxc4 Nxc3+ 24.Qxc3 Qxc3 25.Bxa3 Qxa3 26.Bb3 O-O 27.Rd3 Qc5 28.h4 g6 29.h5 Re8
30.hxg6 hxg6 31.Rh2 Qxg5  0-1

[Event "4th Parsvnath Open"]
[Site "New Delhi IND"]
[Date "2006.01.15"]
[Round "1"]
[White "Sandipan,C"]
[Black "Venu,M"]
[Result "1-0"]
[WhiteElo "2522"]
[BlackElo "2027"]

1.e4 c5 2.Nf3 d6 3.d4 cxd4 4.Nxd4 Nf6 5.Nc3 a6 6.Be3 e5 7.Nf3 h6 8.Bc4 Be7
9.O-O Bg4 10.h3 Bd7 11.Nd5 Nxd5 12.Qxd5 O-O 13.Nd2 Bc6 14.Qd3 Nd7 15.Bd5 Bxd5
16.Qxd5 Qc7 17.c4 Rac8 18.Rac1 Qc6 19.Qd3 Nc5 20.Qc2 Ne6 21.Rfd1 Bg5 22.Bxg5 Nxg5
23.b3 Ne6 24.Nf1 Nd4 25.Qd3 f5 26.exf5 Rxf5 27.Ne3 Rf7 28.Nc2 Rf4 29.Nxd4 Rxd4
30.Qf5 Rxd1+ 31.Rxd1 Rd8 32.Qe6+ Kh7 33.Rd5 Qd7 34.Qg4 Qxg4 35.hxg4 Kg6 36.g3 Kf6
37.f4 exf4 38.gxf4 Ke6 39.Kg2 Rc8 40.Kf3 Rc6 41.Ke4 Kf6 42.Rd2 Ke6 43.f5+ Ke7
44.Re2 Kd7 45.Kd4 Rc7 46.Re6 Kc6 47.b4 b5 48.c5 Rd7 49.cxd6 Rxd6+ 50.Ke5 Rxe6+
51.Kxe6  1-0

[Event "FINEC IM"]
[Site "St Petersburg RUS"]
[Date "2006.01.19"]
[Round "3"]
[White "Tarlev,K"]
[Black "Lanin,A"]
[Result "0-1"]
[WhiteElo "2413"]
[BlackElo "2449"]

1.e4 c5 2.Nf3 d6 3.d4 cxd4 4.Nxd4 Nf6 5.Nc3 a6 6.Be3 e5 7.Nb3 Be6 8.Be2 Be7
9.O-O O-O 10.f3 Nbd7 11.a4 Rc8 12.a5 Qc7 13.Rf2 Rfd8 14.Bf1 d5 15.exd5 Nxd5
16.Nxd5 Bxd5 17.Qxd5 Nf6 18.Qc4 Qxc4 19.Bxc4 Rxc4 20.Re2 Nd5 21.Bf2 f6 22.Rd2 Kf7
23.Rad1 Ke6 24.c3 Rd7 25.g3 g5 26.g4 Rcc7 27.h4 gxh4 28.Bxh4 Ne3 29.Re1 Nc4
30.Rde2 Kf7 31.Bg3 Rd5 32.f4 exf4 33.Bxf4 Rcd7 34.Kg2 Rb5 35.Nd4 Rxb2 36.Rxb2 Nxb2
37.Rh1 Kg8 38.Nf5 Bf8 39.Ra1 Nd3 40.Be3 Ne5 41.Kg3 Nc6 42.Bd4 Bd6+ 43.Kf3 Ne5+
44.Ke4 Nxg4 45.Rg1 h5 46.Nh6+ Kf8 47.Nxg4 hxg4 48.Rxg4 Kf7 49.Rh4 Ke6 50.Rh5 Be7
51.Rf5 Bd8 52.Rf1 Rh7 53.c4 Rh4+ 54.Kd3 f5 55.Rb1 Rh3+ 56.Ke2 Rh7 57.Kd3 Bxa5  0-1

[Event "2nd Armenian Clubs"]
[Site "Yerevan ARM"]
[Date "2006.01.19"]
[Round "2"]
[White "Yegiazarian,A"]
[Black "Kalashian,D"]
[Result "1-0"]
[WhiteElo "2531"]
[BlackElo "2319"]

1.e4 c5 2.Nf3 d6 3.d4 cxd4 4.Nxd4 Nf6 5.Nc3 a6 6.Be3 e5 7.Nf3 Be6 8.Ng5 Be7
9.Nxe6 fxe6 10.Bc4 Qc8 11.Bb3 b5 12.g4 b4 13.Na4 Nxe4 14.Nb6 Qb7 15.Bxe6 Nc3
16.bxc3 Qxh1+ 17.Ke2 Qxd1+ 18.Rxd1 Ra7 19.cxb4 Rc7 20.c4 Nc6 21.Nd5 Rb7 22.Bc8 Rxb4
23.Nxb4 Nxb4 24.Be6 Nc2 25.Rb1 Nxe3 26.fxe3 Rf8 27.Rb8+ Bd8 28.Rb7 Rf6 29.Bd5 Rh6
30.Rxg7 Rxh2+ 31.Kf3 h6 32.a4 a5 33.Ke4 Be7 34.c5 dxc5 35.Kxe5 Rf2 36.Rg6 Bg5
37.e4 Kd7 38.Rg7+ Be7 39.Be6+ Kd8 40.Bf5 Rd2 41.Rg8+ Kc7 42.Rg7 Kd8 43.Rg8+ Kc7
44.Ke6 Bg5 45.e5 c4 46.Kf7 Re2 47.e6 Bd8 48.Ke8 Bg5 49.Kf7 Bd8 50.Rg7 Kc6
51.Rg8 Kc7 52.Rg6 c3 53.Rxh6 c2 54.Bxc2 Rxc2 55.e7 Bxe7 56.Kxe7 Rc4 57.g5 Rxa4
58.Rf6 Re4+ 59.Kf7 Kd7 60.g6 Re7+ 61.Kg8 Re4 62.g7 Ke7 63.Ra6 a4 64.Kh7 Rh4+
65.Rh6  1-0

[Event "2nd Armenian Clubs"]
[Site "Yerevan ARM"]
[Date "2006.01.19"]
[Round "2"]
[White "Asrian,K"]
[Black "Haroutjunian,D"]
[Result "1-0"]
[WhiteElo "2646"]
[BlackElo "2310"]

1.e4 c5 2.Nf3 d6 3.d4 cxd4 4.Nxd4 Nf6 5.Nc3 a6 6.Be3 e6 7.Be2 Qc7 8.a4 b6
9.f4 Bb7 10.Bf3 Nbd7 11.Qe2 h5 12.h3 Rc8 13.O-O Qc4 14.Qe1 e5 15.Nb3 Be7
16.Rd1 g6 17.Be2 Qc7 18.Bd3 Rg8 19.Qe2 exf4 20.Rxf4 Ra8 21.Rdf1 Qd8 22.Qf2 g5
23.Rf5 g4 24.Rg5 Ne5 25.h4 Rxg5 26.Bxg5 Nfd7 27.Bxe7 Qxe7 28.Nd4 Kd8 29.Nf5 Qe6
30.Qd4 Kc7 31.Ne3 Rg8 32.Rf5 Kb8 33.Rxh5 g3 34.Nf5 Kc7 35.Ne2 Nf6 36.Nf4 Qd7
37.Rh6 Qd8 38.Ne3 Ne8 39.a5 b5 40.b4 Kb8 41.Nf5 Nc6 42.Qc3 Rg4 43.Nd5 Ne5
44.Rh8 Bxd5 45.exd5 Ka7 46.Qe1 Kb7 47.Rxe8  1-0

[Event "Jovenes Promesas"]
[Site "Malaga ESP"]
[Date "2006.01.20"]
[Round "4"]
[White "Fernandez Siles,L"]
[Black "Salgado Lopez,I"]
[Result "1/2-1/2"]
[WhiteElo "2291"]
[BlackElo "2366"]

1.e4 c5 2.Nf3 d6 3.d4 cxd4 4.Nxd4 Nf6 5.Nc3 a6 6.Be3 e5 7.Nf3 Be7 8.Bc4 O-O
9.O-O Be6 10.Bb3 Qc7 11.Nh4 g6 12.f4 Ng4 13.Nd5 Nxe3 14.Nxc7 Nxd1 15.Raxd1 Bxb3
16.axb3 Ra7 17.Nf3 exf4 18.Nd5 Bd8 19.Nxf4 b5 20.Nd5 Nd7 21.b4 a5 22.bxa5 Rxa5
23.Ra1 Ra4 24.b4 Nb6 25.Rxa4 bxa4 26.Ra1 f5 27.Nd4 fxe4 28.Nxb6 Bxb6 29.c3 Rc8
30.Kf1 Rxc3 31.Nb5 Rc2 32.Nxd6 e3 33.Rxa4 Rf2+ 34.Ke1 Rxg2 35.Nc4 Bd4 36.Ra3 e2
37.Nd2 Bf6 38.Nf3 g5 39.Re3 Rg4 40.Rxe2 Rxb4 41.h3 Kf7 42.Kf2 Rb5 43.Kg2 Kg6
44.Rd2 h5 45.Ra2 Bd8 46.Rc2 Bb6 47.Rd2 Rb4 48.Rd5 Be3 49.Ne1 Rb1 50.Nd3 Kf6
51.Kf3 Bb6 52.Rd6+ Kf7 53.Rd5 Rg1 54.Rd6 Rb1 55.Rh6 Bd4 56.h4 g4+ 57.Ke4 Bf6
58.Rxh5 g3 59.Nf4 Rb4+ 60.Kf3 Rxf4+ 61.Kxg3 Ra4 62.Rb5 Bxh4+ 63.Kf3 Bf6 64.Ke3 Ke6
65.Rb8 Be5 66.Re8+ Kd5 67.Rd8+ Bd6 68.Kd3 Ra3+ 69.Kd2 Ke5 70.Kc2 Bc5 71.Rd7 Bd4
72.Rd8 Ke4 73.Re8+ Kd5 74.Rc8 Bc5 75.Kd2 Rh3 76.Rd8+ Kc4 77.Ke2 Bd4 78.Re8 Rh2+
79.Kf3 Rf2+ 80.Kg4 Kd5 81.Ra8 Ke4 82.Ra4 Rg2+ 83.Kh4 Rg8 84.Rc4 Ke5 85.Kh3 Be3
86.Rg4 Rh8+ 87.Kg3 Rf8 88.Ra4 Bd4 89.Kg4 Ke4 90.Kh4 Rg8 91.Rb4 Ke3 92.Kh5 Ke4
93.Kh4 Rg7 94.Ra4 Rb7 95.Kg4 Rb5 96.Kh4 Rc5 97.Kg4 Rd5 98.Rb4 Rd8 99.Ra4 Rc8
100.Kh4 Ke5 101.Kg4 Rg8+ 102.Kf3 Rf8+ 103.Kg4 Rf4+ 104.Kh3 Kf5 105.Rb4 Ke4
106.Kg3 Rf7 107.Kh4 Rg7 108.Ra4 Rd7 109.Kg4  1/2-1/2

[Event "FINEC IM"]
[Site "St Petersburg RUS"]
[Date "2006.01.20"]
[Round "4"]
[White "Lanin,A"]
[Black "Korbut,E"]
[Result "0-1"]
[WhiteElo "2449"]
[BlackElo "2427"]

1.e4 c5 2.Nf3 d6 3.d4 Nf6 4.Nc3 cxd4 5.Nxd4 a6 6.Be3 e6 7.g4 h6 8.Rg1 b5
9.a3 Bb7 10.Bg2 Nbd7 11.h4 Rc8 12.g5 hxg5 13.hxg5 Rxc3 14.bxc3 Nxe4 15.g6 Ndf6
16.gxf7+ Kxf7 17.Bxe4 Bxe4 18.Nf3 Qc8 19.Ng5+ Kg8 20.Qd2 Bf5 21.a4 bxa4 22.Rxa4 Nd5
23.Bd4 Qb7 24.c4 Qc6 25.cxd5 Qxa4 26.Nxe6 Bxe6 27.dxe6 Rh4 28.f4 Qa2 29.Qe3 Qb1+
30.Kf2 Qxc2+ 31.Kf3 Rh3+ 32.Rg3 Qd1+ 33.Ke4 Qb1+ 34.Kf3 Qh1+ 35.Ke2 Qh2+
36.Qf2 Qxg3  0-1